[Event "Høstturneringen 2021"]
[Site "Ås, Viken NOR"]
[Date "2021.12.02"]
[Round "6"]
[White "Aamodt, Peder Marcus"]
[Black "Lea, Per"]
[Result "1-0"]
[WhiteElo "1808"]
[BlackElo "1686"]
[Annotator "Aamodt, Peder Marcus"]
[PlyCount "109"]
[EventDate "2021.10.28"]

1. e4 e5 2. Nf3 Nc6 3. Bb5 a6 4. Ba4 Nf6 5. O-O Be7 6. Re1 b5 7. Bb3 O-O 8. a4
{Unngår Marshall-gambiten} (8. c3 d5 9. exd5 Nxd5 10. Nxe5 Nxe5 11. Rxe5 c6 (
11... Nf6 {Det orginale trekket som ble spilt av Frank Marshall mot Capablanca}
12. Re1 Bd6 13. h3 Ng4 14. Qf3 Qh4 15. d4 Nxf2 16. Re2 $1 {Var trekket som
Capablanca spilte} Bg4 17. hxg4 Bh2+ 18. Kf1 Bg3 19. Rxf2 Qh1+ 20. Ke2 Bxf2 21.
Bd2 $1 {1-0 (36) Capablanca,J-Marshall,F New York 1918}) 12. d4 (12. d3 {er
mer normalt på toppnivå} Bd6 13. Re1 Bf5 14. Qf3 {og herfra går teorien videre}
) 12... Bd6 13. Re1 Qh4 14. g3 Qh3 {Regnes som hovedvarianten her}) 8... Bb7 9.
d3 d6 10. Nbd2 Qd7 (10... Na5 {Regnes som det beste trekket for svart}) 11. Nf1
Rfe8 12. Ng3 g6 $6 {å tillate Lg5 ser ut til å være ganske ekkelt} (12... h6
13. h3 Nd8 14. axb5 axb5 15. Rxa8 Bxa8 16. Nh4 Nxe4 17. dxe4 Bxh4 18. Nf5 {
Svart må spille presist her for å ikke havne i trøbbel, men det ser ut til å
være det beste forsøket} Bf6 19. Qf3 $13) 13. Bg5 $146 {Ideen er å stoppe
svart fra å spille Lf8-g7, som ser komfortabelt ut} (13. Bh6 {Med samme poeng
gir også mye mening, men svart får løperen sin til g7} Ng4 14. Bd2 Bf8 15. h3
Nf6 16. Bg5 Bg7 17. Qd2 {Blir en mer behagelig utgave for svart}) 13... Kg7 $6
(13... Na5 14. Ba2 c5 15. Qd2 b4 {Hadde vært en bedre utgave for svart, men
det er fortsatt noen problemer som må løses} 16. h4 h5 17. Nf1 {Og det blir en
heftig kamp om d5-feltet}) 14. Qd2 Ng8 (14... Ng4 {er også en mulighet}) 15.
Bxe7 Qxe7 16. Red1 $6 {basert på ren profylakse mot en eventuell plan om Sd8-e6
} (16. Bd5 {Var noe jeg også vurderte, men jeg følte at det var litt
problematisk etter Sf6} Nf6 17. d4 {Ser ganske bra ut for hvit}) 16... Nf6 17.
Qg5 Kh8 {Eneste trekk} (17... Kf8 18. Qh6+ Kg8 19. axb5 axb5 20. Ng5 {svart
sin stilling går i ruiner}) 18. h4 Rg8 {Vil stoppe h5} 19. Qd2 (19. axb5 {
funker ganske bra i denne stillingen} axb5 20. Rxa8 Rxa8 (20... Bxa8 21. h5
gxh5 22. Nf5 $1) 21. h5 {Hvit sin stilling ser veldig lovende ut}) 19... Rg7 $2
{Dette trekket gir ingen stor mening.} (19... b4 20. a5 {og spillets karakter
har skiftet betydelig}) 20. axb5 axb5 21. Rxa8+ Bxa8 22. Ra1 {Hvit vinner
a-linjen} Bb7 23. Qg5 Ne8 $2 {Sluttspillet er ikke godt for svart} (23... Rg8 {
Og svart kjemper en stund til}) 24. Qxe7 Nxe7 25. Ra7 Bc6 26. d4 f6 27. Ra6 $6
(27. Be6 {Dette burde jeg ha spilt. Nå klarer nesten ikke svart å gjøre et
trekk}) 27... Bb7 28. Ra5 c6 29. h5 Nc8 30. Be6 Nc7 31. Bh3 Re7 32. c3 $4 {Nå
er ikke hvit i tide} (32. Nh4 {Vinner i denne stillingen} Kg7 33. Ngf5+ gxf5
34. Nxf5+ Kf7 35. Nxe7 Kxe7 36. h6 {Dette var det jeg misset. Nå kan hvit
spille på planen Ta3-g6-g7}) 32... Kg7 33. Nh4 Kf7 34. Bg4 Ne6 35. hxg6+ hxg6
36. Bxe6+ Rxe6 37. d5 cxd5 {Svart tilbyr remis, men jeg tenkte at hvit kan
presse i stillingen} 38. Rxb5 Bc6 39. Rb8 Ne7 40. exd5 Bxd5 41. Rd8 $6 f5 $6 (
41... e4 {Her var begge spillerene i tidsnød og stillingen var ikke lett}) 42.
Nf1 Nc6 (42... g5 {Praktisk sett er nok dette et godt trekk} 43. Nf3 Bxf3 44.
gxf3 {Svart kan plutselig begynne å presse}) 43. Rd7+ Kf6 44. Ne3 Be4 45. f3
Bd3 46. g4 $2 {dette blir fort farlig for hvit} fxg4 $2 (46... f4 47. Nd5+ Kg5
48. Ng2 Bc4 {Eneste trekket som holder fordel for svart} 49. Nc7 Re7 50. Rxe7
Nxe7 51. Ne8 Nc8 {Og svart står ganske lovende}) 47. fxg4 Kg5 $4 {Nå blir det
nesten et mattnett for den svarte kongen} 48. Nf3+ Kf4 49. Kf2 $1 {Eneste
trekket som vinner, nå dekker kongen g3 og Tf7+ blir knusende} Ne7 ({Hvis
svart prøver å løpe med tårnet går han matt} 49... Re8 50. Rf7+ Ke4 (50... Bf5
51. gxf5) 51. Ng5#) 50. Rxe7 Rxe7 51. Nd5+ Kxg4 52. Nxe7 g5 53. Nd5 Be4 54.
Nf6+ Kf4 55. Nxg5 1-0

[Event "Høstturneringen 2021"]
[Site "Ås, Viken NOR"]
[Date "2021.12.02"]
[Round "6"]
[White "Andersen, Odd"]
[Black "Furnes, Torstein"]
[Result "1/2-1/2"]
[WhiteElo "1695"]
[BlackElo "1763"]
[Annotator "Furnes, Torstein"]
[PlyCount "173"]
[EventDate "2021.??.??"]

1. d4 d5 2. c4 e6 3. Nf3 Nf6 4. a3 Be7 5. Bf4 O-O 6. e3 c6 7. h3 dxc4 8. Bxc4
b5 9. Bd3 Bb7 10. O-O Nbd7 11. Nc3 a6 12. Rc1 ({Her burde hvit spilt} 12. b4 {
for å hindre svart i å spille c5.}) 12... c5 13. dxc5 Nxc5 14. Be2 Rc8 15. b4
Nce4 16. Nxe4 Nxe4 17. Be5 Bf6 18. Qxd8 Rfxd8 19. Bxf6 Nxf6 20. Rfd1 Rxd1+ 21.
Rxd1 Kf8 22. Nd4 Rc3 23. Rd3 Rc1+ 24. Rd1 Rxd1+ 25. Bxd1 Ke7 26. Nb3 Nd7 27. f4
Kd6 28. Kf2 Be4 29. Nd2 Bb7 30. e4 e5 31. g3 Nb6 32. Bb3 f6 33. Ke3 Bc8 34. h4
Be6 35. Bxe6 Kxe6 36. Kd3 Kd6 37. Kc3 Ke6 38. f5+ Kd6 39. g4 h6 40. Kb3 Kc6 41.
g5 hxg5 42. hxg5 Kd6 (42... fxg5 43. Nf3 Kd6 44. Nxg5 $11 {regnes av Stockfish
som helt likt.}) 43. g6 {Vi har havnet i et fastlåst, men likevel interessant
sluttspill. Hvit ønsker å få springeren sin til c5 eller d5, noe svart må
forhindre. Mye av manøvreringene de neste trekkene handler om dette. Siden
hvits g-bonde har kommet så langt fram, så må svart også være obs på
eventuelle springerofre mot de svarte bøndene på kongefløyen.} Kc6 44. Nf3 Nc4
45. Kc3 $1 Nd6 ({Hvit vinner etter} 45... Nxa3 $4 $18 46. Nxe5+ $1 Kd6 (46...
fxe5 $4 47. f6 gxf6 48. g7) 47. Ng4 Ke7 48. Ne3 Kd6 49. Kd4 Ke7 50. Nd5+ Ke8
51. Nc7+ Ke7 52. Kc5) 46. Kd3 Kd7 47. Nd2 (47. Nxe5+ fxe5 48. f6 {fungerer
ikke pga} Nc8 49. fxg7 Ne7 $19) 47... Ke7 48. Kc3 Kd7 49. Kb3 Kc6 50. a4 Kb6
51. a5+ Kc6 52. Kc3 Kd7 53. Kd3 Ke7 54. Nb3 Nb7 55. Na1 Nd6 56. Nc2 Nc4 57. Kc3
Kd7 58. Ne1 Nd6 $1 {Eneste trekk som ikke taper.} 59. Kd3 Ke7 60. Nc2 Nc4 61.
Ne1 Kd7 62. Kc3 Nd6 {Eneste trekk som ikke taper.} 63. Kd3 Nc4 64. Nc2 Ke7 65.
Na1 $1 Nd6 $1 {Eneste trekk som ikke taper.} 66. Nb3 Nb7 67. Nc1 Nd6 68. Ne2
Ne8 69. Nc3 Nc7 70. Ke3 Kd6 71. Kf3 Ke7 72. Kg4 Kf8 73. Kh5 Ke7 74. Kg4 Kf8 75.
Kf3 Ke7 76. Ke3 Kd6 77. Kd3 Ke7 78. Ne2 Ne8 79. Nc1 Nd6 80. Na2 Ne8 81. Nc1 Kd7
82. Nb3 Nc7 83. Nc5+ {Hvit fikk likevel plassert springeren sin på c5 til
slutt, men den svarte springeren dekker de viktige feltene a6 og e6, så svart
har kontroll.} Ke7 84. Kc3 Kd6 85. Nb7+ Ke7 86. Nc5 Ke8 87. Nd3 1/2-1/2

[Event "Høstturneringen 2021"]
[Site "Ås, Viken NOR"]
[Date "2021.12.02"]
[Round "6"]
[White "Johansen, Anders Sten"]
[Black "Johnson, David"]
[Result "0-1"]
[WhiteElo "1756"]
[BlackElo "1669"]
[PlyCount "68"]
[EventDate "2021.10.28"]

1. c4 e5 2. g3 Nc6 3. Bg2 Bc5 4. Nc3 a6 5. d3 d6 6. Nf3 Bg4 7. h3 Bd7 8. O-O h6
9. a3 Nf6 10. b4 Ba7 11. Bb2 Nh5 12. Kh2 f5 13. Nd5 Ne7 14. Nd2 c6 15. Nxe7
Qxe7 16. e3 Nf6 17. Rc1 g5 18. Re1 h5 19. f4 h4 20. gxh4 gxh4 21. d4 e4 22. d5
c5 23. Qc2 Rg8 24. bxc5 Bxc5 25. Bxf6 Qxf6 26. Nf1 b5 27. a4 Bb4 28. Red1 bxa4
29. Rb1 a5 30. Rxb4 axb4 31. Rd4 b3 32. Qc3 Qg7 33. Qd2 a3 34. Qf2 a2 0-1

[Event "Høstturneringen 2021"]
[Site "Ås, Viken NOR"]
[Date "2021.12.02"]
[Round "6"]
[White "Olsen, Trygve"]
[Black "Heien, Aksel"]
[Result "1-0"]
[WhiteElo "1498"]
[BlackElo "1298"]
[PlyCount "105"]

1. d4 d5 2. Nf3 Nf6 3. h3 c5 4. c3 e6 5. Bf4 Nc6 6. e3 Qb6 7. Qb3 Qxb3 8. axb3
Be7 9. Bd3 O-O 10. Nbd2 a6 11. Ng5 h6 12. Ngf3 Re8 13. Ne5 cxd4 14. exd4 Bd7
15. Nxd7 Nxd7 16. Nf3 Nf6 17. b4 Rad8 18. O-O Bd6 19. Ne5 Bxe5 20. dxe5 Nd7 21.
Rfe1 Nb6 22. b5 axb5 23. Bxb5 Rc8 24. b3 Red8 25. Be3 Nd7 26. f4 Ncb8 27. Rec1
Nc5 28. Ra3 Ne4 29. Bd4 Nc6 30. Bb6 Rf8 31. Bd3 f5 32. c4 Nb4 33. Be2 Ra8 34.
Ba5 Nc6 35. b4 Nxa5 36. bxa5 Rfc8 37. Rc2 dxc4 38. Bxc4 Kf7 39. Bb3 Rxc2 40.
Bxc2 Rc8 41. Bxe4 fxe4 42. Rb3 Rc7 43. g4 Kg6 44. h4 h5 45. f5+ exf5 46. Rb6+
Rc6 47. Rxc6+ bxc6 48. a6 hxg4 49. a7 Kh5 50. a8=Q Kxh4 51. Qh8+ Kg3 52. Qh2+
Kf3 53. Qf2# 1-0

[Event "Høstturneringen 2021"]
[Site "Ås, Viken NOR"]
[Date "2021.12.02"]
[Round "6"]
[White "Simonsen, Steinar"]
[Black "Samset, Jon"]
[Result "1-0"]
[WhiteElo "1501"]
[BlackElo "1357"]
[PlyCount "99"]

1. e4 e5 2. Nf3 Nc6 3. Nc3 Nf6 4. d4 exd4 5. Nxd4 Nxd4 6. Qxd4 b6 7. Bc4 Bc5 8.
Qe5+ Be7 9. Nd5 O-O 10. Qxe7 Re8 11. Qxd8 Rxd8 12. Ne7+ Kf8 13. Nxc8 Nxe4 14.
Bd5 Raxc8 15. Bxe4 Re8 16. f3 d5 17. Kf2 dxe4 18. Re1 f5 19. fxe4 fxe4 20. Be3
Re6 21. Kg1 h6 22. Rad1 Re7 23. Rf1+ Kg8 24. c4 c6 25. a4 g5 26. Rd6 c5 27.
Rff6 Re5 28. Rxh6 Rc7 29. Rhg6+ Kh7 30. Rh6+ Kg7 31. Rdg6+ Kf8 32. h4 Rf5 33.
Rf6+ Rxf6 34. Rxf6+ Kg7 35. hxg5 Rd7 36. Re6 Rd1+ 37. Kh2 Rb1 38. Re7+ Kg6 39.
Rxa7 Rxb2 40. Ra6 Kf5 41. a5 Re2 42. Bc1 e3 43. g6 Kxg6 44. Rxb6+ Kf5 45. Kg3
Re1 46. Bb2 Ke4 47. a6 Rf1 48. a7 Rf3+ 49. gxf3+ Kd3 50. a8=Q 1-0

[Event "Høstturneringen 2021"]
[Site "Ås, Viken NOR"]
[Date "2021.12.02"]
[Round "6"]
[White "Petersen, Rune J"]
[Black "Thowsen, Alf Geir"]
[Result "0-1"]
[WhiteElo "1170"]
[BlackElo "1386"]
[Annotator "Furnes, Torstein"]
[PlyCount "132"]
[EventDate "2021.??.??"]

1. d4 d5 2. Nf3 Nf6 3. e3 Nc6 4. Be2 e6 5. Bd2 Bd6 6. O-O Bd7 7. c4 O-O 8. c5
Be7 9. Nc3 Re8 10. b4 a6 11. a3 Bf8 12. Bd3 e5 13. dxe5 Nxe5 14. Nxe5 Rxe5 15.
f4 Re8 16. Qb3 Bc6 17. a4 Ne4 18. Bxe4 dxe4 19. Rfd1 Qe7 20. Be1 Qe6 21. Qc2 b6
22. b5 axb5 23. axb5 Rxa1 24. Rxa1 Bd5 25. Nxd5 Qxd5 26. cxb6 cxb6 27. Rb1 Bc5
28. Kf2 h5 29. Bb4 Rc8 30. Bxc5 Rxc5 31. Qd1 Qd3 32. Qxd3 exd3 33. Kf3 f5 34.
e4 d2 35. Rd1 Rxb5 36. Rxd2 Rb3+ 37. Ke2 fxe4 38. Rd8+ Kh7 39. f5 Rd3 40. Re8
Rd5 41. f6 gxf6 42. Rxe4 Re5 43. Kd3 Rxe4 44. Kxe4 Kg6 45. Kd5 Kg5 46. Kc6 {I
bondesluttspill som dette er det ofte små marginer. Med Tablebase som fasit
ser vi at det i de neste trekkene svinger ganske mye mellom teoretisk remis og
svart vinst.} h4 $11 {Nå går stillingen fra svart vinst til remis.} ({Eneste
vinsttrekk var} 46... Kf4 $19) 47. Kxb6 Kf4 48. Kc6 $19 {Nå står svart til
vinst igjen.} ({Remistrekket var} 48. Kc5 $11) 48... f5 $11 {Og nå er det
remis.} ({Eneste vinsttrekk var} 48... Ke4 $1 $19 {F.eks} 49. Kd6 h3 50. gxh3
f5 51. h4 f4 52. h5 Kf5 {osv}) 49. Kd6 $19 {Nå har svart vinststilling.} (49.
Kd5 {fører til remis.}) 49... Ke3 $11 {Nå er det remis.} ({Svart må spille} 
49... h3 $1 $19 {for å vinne.} 50. gxh3 Ke4 51. h4 f4 52. h5 Kf5 53. Kd5 f3 54.
h6 Kg6 {osv}) 50. Ke5 f4 51. Kf5 $19 {Nå er det vinst for svart igjen.} (51. h3
$11 {er remistrekket.}) 51... f3 $11 {Så er det remis igjen.} (51... h3 $19 {
er trekket som vinner.}) 52. gxf3 Kxf3 53. Kg5 $19 {Nå vinner svart med matt i
max 15 trekk.} (53. Ke5 $1 Kg2 54. Kf4 Kxh2 55. Kf3 h3 56. Kf2 {var remis}) (
53. h3 {holder også remis}) 53... h3 54. Kh4 Kg2 55. Kg4 Kxh2 56. Kf3 Kg1 57.
Kg3 h2 58. Kh3 h1=Q+ 59. Kg4 Qe4+ 60. Kg3 Qe8 61. Kf4 Kf2 62. Kg4 Qf8 63. Kh3
Qg8 64. Kh4 Kf3 65. Kh5 Kf4 66. Kh6 Kf5 0-1

[Event "Klubbmesterskapet 2020 (A)"]
[Site "Ås, Viken NOR"]
[Date "2020.01.16"]
[Round "1"]
[White "Johansen, Anders Sten"]
[Black "Lea, Per"]
[Result "1-0"]
[WhiteElo "1810"]
[BlackElo "1712"]
[Annotator "Lea, Per"]
[PlyCount "69"]
[EventDate "2020.01.16"]

1. d4 Nf6 2. Nf3 d5 3. c4 e6 4. Nc3 Be7 5. e3 O-O 6. Qc2 Nbd7 7. b3 Re8 8. Bb2
Bf8 9. Bd3 c5 10. O-O b6 11. Rad1 cxd4 12. exd4 Bb7 13. Ne5 g6 14. Rfe1 Bg7 15.
Nb5 Nxe5 16. dxe5 Ng4 17. h3 Nh6 18. Nd6 Re7 19. Nxb7 Rxb7 20. cxd5 exd5 21.
Ba6 Rd7 22. Qd2 Qe7 23. Bb5 Rdd8 24. Bc6 Rac8 25. Bxd5 Qc5 26. e6 Bxb2 (26...
Rxd5 27. Qxd5 Qxd5 28. Rxd5 Bxb2 {strander på} 29. e7) 27. exf7+ Nxf7 28. Bxf7+
Kxf7 29. Qxb2 Rxd1 30. Rxd1 Rc7 $2 ({Svart kan kanskje kjempe litt lenger etter
} 30... Re8 31. Rd7+ Re7 32. Rxe7+ Qxe7) 31. Qh8 $1 Qh5 $2 (31... Ke6 {er den
eneste måten å ikke tape h-bonden, men det gjør bare jobben enda enklere for
hvit, f.eks:.} 32. Re1+ Kd6 (32... Kd5 33. Qf6 Qd4 34. Qe6+ Kc5 35. Rc1+ {
vinner tårnet}) 33. Qf6+ {er forsert matt}) 32. Rd8 Rc1+ 33. Kh2 Rc7 34. Qf8+
Ke6 35. Qd6+ {Tårnet faller, og det er matt i få trekk} 1-0

[Event "Klubbmesterskapet 2020 (A)"]
[Site "Ås, Viken NOR"]
[Date "2020.01.16"]
[Round "1"]
[White "Larsen, Jo Ingebrigt"]
[Black "Aamodt, Peder Marcus"]
[Result "0-1"]
[WhiteElo "1572"]
[BlackElo "1696"]
[Annotator "Aamodt, Peder Marcus"]
[PlyCount "60"]
[EventDate "2020.01.16"]

1. d4 Nf6 2. Bf4 d5 3. e3 c5 4. c3 Nc6 5. Bd3 $6 {dette trekket kunne jo
umulig kjempe for noe fordel} (5. Nd2 {er regnet som det beste for hvit i
denne stillingen}) 5... Qb6 6. Qb3 c4 7. Qxb6 axb6 8. Bc2 e6 9. h3 b5 10. b4 $2
$146 {ett ganske svakt trekk pga Sxb4! og cxb3!} cxb3 $1 {ett trekk som mange
ikke vurderer fordi det får løperen med i spill} (10... Nxb4 $1 {er ett
tematisk offer i slike type stillinger, men det er jo litt risky} 11. cxb4
Bxb4+ 12. Kd1 O-O {og Stockfish 10 sier at dette er kompensasjon for
springeren, men jeg tvilte litt her}) 11. Bxb3 Na5 12. Bc2 b4 13. Ne2 Nc4 14.
O-O Ne4 $2 {gir vekk fordelen} 15. f3 $11 (15. Bxe4 $2 {funker ikke pga} b3 $1
16. axb3 Rxa1 17. bxc4 dxe4 {med kvalitet over}) 15... Nf6 (15... Ned2 {funker
ikke helt} 16. Nxd2 Nxd2 17. Rfd1 Nc4 18. e4 {og taper ikke dette}) 16. cxb4
Bxb4 17. e4 Bd7 $6 {vi er i trekk 17 og svart har enda ikke rokert. Dettte var
vel egentlig tiden å gjøre det på} (17... O-O 18. e5 Nd7 19. Bd3 $13) 18. a4 b5
$6 {svart tror at han vinner en bonde her men egentlig så er det hvit som
vinner bonden} 19. Nbc3 Nh5 20. Nxb5 Nxf4 21. Nxf4 {vi vet ikke helt hvem som
står best og selv om Stockfish sier 0.00 er det lang ifra likt!} Bxb5 22. axb5
O-O 23. exd5 {dette er praktisk en ganske dårlig besluttning, fordi nå må hvit
gi en kvalitet for å holde det likt, og der ikke lett med 10 minutter og
mindre på klokken.} Ne3 24. Rxa8 Rxa8 25. Rf2 $4 {tapstrekket} (25. Be4 $1 {er
det eneste som kan kjempe for remis} Nxf1 26. Kxf1 Ra1+ 27. Ke2 Ra2+ 28. Kf1
exd5 29. Nxd5 Bd6 {og her er det ganske uklart om svart kommer til å klare å
vinne}) 25... Ra1+ $1 26. Kh2 Be1 $3 {kanskje det vanskeligste trekket å finne
i denne stillingen} (26... Bd6 $4 {var det jeg først tenkte} 27. g3 {eneste}
Nf1+ (27... Ra2 {var først det jeg tenkte vant men så ser jeg} 28. Bxh7+ $1)
28. Kg2 Ne3+ {og evigsjakk må bli spilt} 29. Kh2 Nf1+ 30. Kg2 Ne3+) 27. Re2
Nf1+ $1 {eneste trekk som vinner} 28. Kg1 Bg3 $1 {truer matt! og igjen det
eneste som vinner} (28... Bc3 $2 29. dxe6 {med sjanser for hvit}) 29. Nd3 Ne3+
30. Re1 (30. Ne1 {er ikke så mye bedre} Nxc2 31. b6 Nxe1 32. b7 Nxf3#) 30...
Bxe1 {oppgitt (-13)} 0-1

[Event "Klubbmesterskapet 2020 (A)"]
[Site "Ås, Viken NOR"]
[Date "2020.01.16"]
[Round "1"]
[White "Andersen, Odd"]
[Black "Furnes, Torstein"]
[Result "0-1"]
[WhiteElo "1721"]
[BlackElo "1766"]
[Annotator "Furnes, Torstein"]
[PlyCount "82"]
[EventDate "2020.01.16"]

1. e4 c5 2. Nf3 Nc6 3. d4 cxd4 4. Nxd4 e5 5. Nf3 Nf6 6. Bg5 Be7 7. Bxf6 Bxf6 8.
Nc3 O-O 9. Nd5 d6 10. Qd2 Bg4 11. c3 Bxf3 12. gxf3 Bg5 13. Ne3 Qf6 14. Be2 Rfd8
15. O-O-O a5 16. Kb1 a4 17. Qd3 Bxe3 18. fxe3 Ra5 19. c4 Rd7 20. Rd2 Ra8 21.
Rhd1 Qh6 22. Bf1 Qh5 23. Be2 Qxh2 24. Qa3 Ra5 25. f4 Qh4 26. Rxd6 Rxd6 27. Qxd6
h6 28. a3 Qf2 29. Qd2 Ra8 30. Rf1 Qh2 31. Qe1 Rd8 32. Rh1 Qg2 33. Ka2 Qxe4 34.
Qg3 $4 {Overser at tårnet på h1 mister beskyttelsen.} exf4 $4 {Svart får
heller ikke med seg at tårnet plutselig er ugardert.} (34... Qxh1 $19) 35. Qf3
Qxe3 36. Qxe3 fxe3 37. Rh3 Re8 38. Kb1 Nd4 39. Rh2 f5 40. Kc1 f4 41. Bh5 Re5
0-1

[Event "Klubbmesterskapet 2020 (A)"]
[Site "Ås, Viken NOR"]
[Date "2020.01.16"]
[Round "1"]
[White "Moberg, Jan Rune"]
[Black "Lund, Petter"]
[Result "1-0"]
[WhiteElo "1631"]
[BlackElo "1600"]
[PlyCount "66"]
[EventDate "2020.01.16"]

1. c4 c5 2. g3 Nf6 3. Bg2 d5 4. cxd5 Nxd5 5. e4 Nb6 6. d3 e5 7. a4 Nc6 8. Na3
c4 9. a5 Bb4+ 10. Bd2 Bxa5 11. Nxc4 Nxc4 12. dxc4 Qxd2+ 13. Qxd2 Bxd2+ 14. Kxd2
Nd4 15. Kc3 Be6 16. f4 f6 17. Nf3 Nc6 18. b4 Bg4 19. Rhf1 Ke7 20. fxe5 Bxf3 21.
exf6+ gxf6 22. Rxf3 Ne5 23. Rff1 Rhc8 24. c5 b6 25. Bh3 Rc6 26. Kd4 bxc5+ 27.
bxc5 a5 28. Rfb1 Rd8+ 29. Ke3 Rxc5 30. Rb7+ Kf8 31. Rf1 (31. Kf2) 31... Nc4+
32. Kf2 Rh5 33. Bg2 Rd2+ {Resten av partiet lar seg ikke rekonstruere.} 1-0

[Event "Klubbmesterskapet 2020 (A)"]
[Site "Ås, Viken NOR"]
[Date "2020.01.16"]
[Round "1"]
[White "Kielland-Lund, Jon"]
[Black "Rønbeck, Bjørn"]
[Result "1-0"]
[WhiteElo "1712"]
[BlackElo "1585"]
[Annotator "Kielland-Lund, Jon"]
[PlyCount "103"]
[EventDate "2020.01.16"]

1. c4 e6 2. d4 Nf6 3. g3 d5 4. Bg2 c6 5. Nf3 Nbd7 6. Nbd2 Be7 7. b3 O-O 8. Qc2
a5 9. a4 Re8 10. Bb2 b6 11. O-O Bb7 12. Rfe1 Nf8 {Passivt, nå får hvit fordel.}
13. Ne5 N8d7 14. e4 Rc8 15. Nd3 Nf8 16. e5 N6d7 17. c5 $2 {f4 er meget bedre}
b5 $2 {La6} 18. axb5 cxb5 19. b4 a4 20. f4 Rc6 $2 {Sb6} 21. Nf2 Rc7 22. Bf1 Bc6
23. Bd3 Qb8 24. Nb1 Ba8 25. Na3 Bc6 26. Qe2 Rb7 27. Nd1 f6 {skulle vært spilt
for flere år siden} 28. Nc3 fxe5 29. fxe5 Qc8 30. Naxb5 Nb8 31. Rxa4 Qd7 32.
Rea1 h6 33. Ra7 Rc8 34. Rxb7 Bxb7 35. Na7 Rd8 36. b5 Bxc5 {desperados} 37. dxc5
d4 38. c6 Nxc6 39. bxc6 Bxc6 40. Nxc6 dxc3 41. Nxd8 cxb2 42. Rb1 Qd4+ 43. Kf1
Qxd8 44. Rxb2 Qd5 45. Be4 Qd7 46. Rb8 Qe7 47. Ra8 Qc5 48. Kg2 Qe7 49. Qf2 Qb4
50. Bg6 Qe7 51. Rxf8+ Qxf8 52. Bh7+ 1-0

[Event "Klubbmesterskapet 2020 (B)"]
[Site "Ås, Viken NOR"]
[Date "2020.01.16"]
[Round "1"]
[White "Yazdankhah, Siamak"]
[Black "Berg-Olsen, Henrik Seljeset"]
[Result "0-1"]
[WhiteElo "1265"]
[BlackElo "1571"]
[PlyCount "130"]
[EventDate "2020.01.16"]

1. e4 c5 2. Nc3 Nc6 3. Nf3 d6 4. h3 Nf6 5. Bd3 a6 6. O-O b5 7. b3 g6 8. Bb2 Bg7
9. Rb1 O-O 10. Re1 e6 11. Ne2 Rb8 12. c4 Nb4 13. Bc2 bxc4 14. bxc4 Nxa2 15. e5
Nd7 16. Ba1 Nb4 17. exd6 Nb6 18. Bxg7 Kxg7 19. Bb3 Qxd6 20. d4 cxd4 21. Nexd4
Rd8 22. Rc1 Qc7 23. c5 N6d5 24. Bxd5 Rxd5 25. Qb3 Nc6 26. Qc3 Nxd4 27. Nxd4 e5
28. Nf3 f6 29. c6 Rd6 30. Red1 Rxd1+ 31. Rxd1 Bf5 32. Nh4 Be6 33. Rd2 Rc8 34.
Rc2 Bd5 35. Qd3 Qa5 36. Qg3 Qe1+ 37. Kh2 Qe4 38. Rc5 Bxc6 39. f4 Qxf4 40. Qxf4
exf4 41. Nf3 Bd7 42. Rxc8 Bxc8 43. Nd4 a5 44. Nb5 Bd7 45. Na3 a4 46. Kg1 Kf7
47. Kf2 Bc6 48. Nc4 Ke6 49. Na3 Kf5 50. Nc4 Kg5 51. Na3 Kh4 52. Nc4 g5 53. Na3
Be4 54. Nc4 Bd3 55. Na3 g4 56. hxg4 Kxg4 57. Kg1 Kf5 58. Kf2 Ke4 59. g3 fxg3+
60. Kxg3 Kd4 61. Kf4 Kc3 62. Ke3 h5 63. Kf3 Kb3 64. Nb1 Bxb1 65. Kg3 Bg6 0-1

[Event "Klubbmesterskapet 2020 (B)"]
[Site "Ås, Viken NOR"]
[Date "2020.01.16"]
[Round "1"]
[White "Aarsheim, Geir Arne"]
[Black "Bakkerud, Balder Jonsson"]
[Result "1/2-1/2"]
[WhiteElo "1534"]
[BlackElo "1227"]
[PlyCount "77"]
[EventDate "2020.01.16"]

1. e4 c5 2. Nf3 d6 3. c3 a6 4. d4 cxd4 5. cxd4 e6 6. Nc3 Nf6 7. Bd3 Nbd7 8. Qc2
b5 9. O-O Bb7 10. Bg5 Qb6 11. Rfe1 Rc8 12. Qd2 h6 13. Be3 Qc7 14. Rac1 Qb8 15.
Bf4 Nh5 16. Ne2 Rxc1 17. Rxc1 Be7 18. Be3 Nhf6 19. Ng3 O-O 20. h3 Qa8 21. Re1
Rc8 22. Rc1 Re8 23. Re1 Rc8 {Med remistilbud} 24. Nh2 h5 25. Nf3 g6 26. Bg5 Bd8
27. Qf4 Ne8 28. Bxd8 Rxd8 29. Ng5 Ndf6 30. Be2 Rd7 31. Bf3 Qd8 32. Rc1 d5 33.
e5 Nh7 34. Nxh7 Kxh7 35. Qe3 Qe7 36. Ne2 Ng7 37. Ng3 Qb4 38. b3 Qa3 39. Qd2
1/2-1/2

[Event "Klubbmesterskapet 2020 (B)"]
[Site "Ås, Viken NOR"]
[Date "2020.01.16"]
[Round "1"]
[White "Petersen, Rune J"]
[Black "Simonsen, Steinar"]
[Result "0-1"]
[WhiteElo "1191"]
[BlackElo "1491"]
[PlyCount "122"]
[EventDate "2020.01.16"]

1. d4 d5 2. Nf3 Nc6 3. e3 Nf6 4. c4 Bg4 5. b3 e5 6. Be2 Bb4+ 7. Bd2 O-O 8. Nxe5
Bxe2 9. Qxe2 Bxd2+ 10. Nxd2 Nxe5 11. dxe5 Nd7 12. cxd5 Nxe5 13. e4 Qf6 14. O-O
Rad8 15. Rac1 Qd6 16. Nc4 Qf6 17. Nxe5 Qxe5 18. Rfd1 f5 19. d6 cxd6 20. Qc4+
Kh8 21. Rd5 Qxe4 22. Qxe4 fxe4 23. Rcd1 Rf6 24. R1d4 Re6 25. Kf1 Kg8 26. Ke2
Kf7 27. Ke3 Ke7 28. Rxe4 Rc8 29. Rxe6+ Kxe6 30. Rd2 g5 31. h3 Ke5 32. g3 Rc3+
33. Rd3 Rc2 34. f4+ gxf4+ 35. gxf4+ Ke6 36. a4 Rh2 37. Kd4 b6 38. Re3+ Kf5 39.
Rf3 Re2 40. Re3 Rd2+ 41. Rd3 Rxd3+ 42. Kxd3 Kxf4 43. Kd4 Kg3 44. Kd5 Kxh3 45.
Kxd6 h5 46. Kc6 Kg3 47. Kb7 h4 48. Kxa7 h3 49. Kxb6 h2 50. b4 h1=Q 51. b5 Qh6+
52. Ka5 Qd2+ 53. Ka6 Kf4 54. a5 Qd3 55. Ka7 Qxb5 56. a6 Ke5 57. Ka8 Qxa6+ 58.
Kb8 Qd6+ 59. Kb7 Qd7+ 60. Kb8 Kd6 61. Ka8 Kc6 0-1